00482nam a2200181Ia 45000030006000000050017000060080041000230200018000640400009000820410012000910820018001031000023001212450038001442600034001823000008002165050038002246500038002620Nust20170105110247.0161124s9999 xx 000 0 und d a0-415-35441-2 cIGIS aEnglish a388.0122bPAU aJean Paul Rodrigue 4aThe Geography of Transport System aLondonbRoutledge pressc2006 a284 aThe Geography of Transport System aThe Geography of Transport System